Klicke die deutschen Bundesländer auf einer Karte - Statistiken

Allgemein
  • Dieses Quiz wurde 373 mal gespielt
  • Das Durchschnittsergebnis liegt bei 14 aus 16
Antworten auf der Karte
Die Antworten werden auf der Karte rot bzw. grün angezeigt, abhängig davon wie oft sie richtig erraten wurden.
 
Antwortstatistiken
Antwort % Korrekt
Bayern
91%
Berlin
90%
Saarland
89%
Baden-Württemberg
88%
Brandenburg
88%
Mecklenburg-Vorpommern
88%
Nordrhein-Westfalen
88%
Bremen
87%
Schleswig-Holstein
87%
Hamburg
84%
Hessen
84%
Niedersachsen
83%
Rheinland-Pfalz
83%
Sachsen-Anhalt
83%
Thüringen
81%
Sachsen
80%
Keine übereinstimmenden Quizze gefunden
Verteilung der Resultate
Anzahl Personen mit jedem Resultat
Perzentil nach korrekt beantworteten Fragen
Ihre Resultats-Entwicklung
Sie haben dieses Quiz noch nicht gespielt